000 00656nam a22002177a 4500
005 20170124105943.0
010 _aB-005955
020 _c100.00
_a8170147417
035 _aB-005955
037 _bCen Lib/Ret
040 _aDPL
_bEN
082 _a331.125068
_bGUP
100 _aGupta, C.B.
_973964
245 _aHuman Resource Management /
_cby C.B. Gupta
260 _aNew Delhi
_bSultan Chand and Sons
_c2000
270 _bNew Delhi
_e110002
_a23, Ansari Road
300 _avarious pagings
_c21cm(Hb)
650 _aHuman resource management
_99535
650 _aPersonnel policies
_973965
942 _2ddc
_cEN
_h331.125068
_mGUP
999 _c124693
_d124693